| 000 | 00596nam a2200181 i 4500 | ||
|---|---|---|---|
| 001 | 59610 | ||
| 003 | ES-MaACL | ||
| 005 | 20231228210329.0 | ||
| 007 | t| | ||
| 008 | 031030s1973 sp ||||1| spa d | ||
| 100 | 1 |
_aEntrambasaguas, Joaquín de, _d1904-1995 _947309 |
|
| 245 | 1 | 0 |
_aLeyendo a Ramón Solís _b: (estudio crítico de un novelista) / _cJoaquín de Entrambasaguas. |
| 260 |
_aCádiz : _bCaja de Ahorros, _c[1973] |
||
| 300 |
_a93 p., 2 lám. ; _c18 cm. |
||
| 600 | 1 | 4 |
_aSolís, Ramón, _d1923-1978 _9107215 |
| 852 |
_aES-MaACL _jC-54165 _bR.87037 |
||
| 999 |
_c59610 _d59610 |
||